| 000 | 00868cam a2200241 a 4500 | ||
|---|---|---|---|
| 001 | 000006017 | ||
| 005 | 20260429135247.0 | ||
| 008 | 890118s1980 sp b 000 0 spa | ||
| 020 | _a8437600243 | ||
| 040 |
_aDO-SdBNP _bspa _cBNPHU |
||
| 082 |
_axxxx _bL431c, 1980 |
||
| 100 | 1 |
_aLazáro Carreter, Fernando, _d1923-2004. _916952 |
|
| 245 | 1 | 0 |
_aCómo se comenta un texto literario / _cFernando Lázaro Carreter, Evaristo Correa Calderón. |
| 250 | _a18. ed. rev. y ampl. | ||
| 260 |
_aMadrid : _bCátedra, _c1980. |
||
| 300 |
_a205 p. ; _c22 cm. |
||
| 490 | 1 | _aCrítica y estudios literarios | |
| 500 | _aIncluye referencias bibliográficas y notas al pie de las páginas | ||
| 650 | 4 |
_aCrítica literaria _93141 |
|
| 650 | 0 |
_aLiteratura _xHistoria y crítica _9835 |
|
| 700 | 1 |
_aCorrea Calderón, Evaristo. _916953 |
|
| 830 | 0 |
_aCrítica y estudios literarios _95705 |
|
| 999 |
_c5813 _d5813 |
||